Vermeer (Record no. 235992)

MARC details
000 -LEADER
fixed length control field 00311pam a2200145 a 4500
020 ## - INTERNATIONAL STANDARD BOOK NUMBER
Terms of availability
041 ## - LANGUAGE CODE
Language code of original
082 ## - DEWEY DECIMAL CLASSIFICATION NUMBER
Classification number 759.1
Item number BAI
100 ## - MAIN ENTRY--PERSONAL NAME
Personal name Martin Bailey.
245 ## - TITLE STATEMENT
Title Vermeer
Remainder of title Vermeer
Medium Textual Documents
250 ## - EDITION STATEMENT
Edition statement 1995.
260 ## - PUBLICATION, DISTRIBUTION, ETC.
Place of publication, distribution, etc. America
Name of publisher, distributor, etc. Phaidon Book
300 ## - PHYSICAL DESCRIPTION
Extent 128:
Other physical details paper.
930 ## - EQUIVALENCE OR CROSS-REFERENCE-UNIFORM TITLE HEADING [LOCAL, CANADA]
Uniform title 2202
Holdings
Withdrawn status Lost status Damaged status Not for loan Collection Home library Current library Date acquired Source of acquisition Cost, normal purchase price Total Checkouts Full call number Barcode Date last seen Copy number Price effective from Koha item type
          College of Fine Arts, Pune College of Fine Arts, Pune 24/05/2007 Bhararti Sahakari Grahak Bhandar 543.00   759.1 BAI FAP-2202 07/03/2023 1 07/03/2023 Book